| 000 | 00582nam a2200169Ia 4500 | ||
|---|---|---|---|
| 008 | 130821s1961 enk gr eng | ||
| 040 |
_aCo-BoUCM _bspa |
||
| 041 | 0 | 0 | _aeng |
| 245 | 0 | 4 |
_aThe year book of world affairs _cLondon Institute of World Affairs |
| 260 |
_aLondres (Inglaterra) _bStevens _c1961 |
||
| 300 | _a435 páginas | ||
| 650 | 0 | 4 |
_aPolítica internacional _vAnuarios _921990 |
| 650 | 0 | 4 |
_aRelaciones internacionales _vAnuarios _98042 |
| 710 | 2 | _aLondon Institute of World Affairs. | |
| 942 |
_cLIBRO _a8 _e1 _mT32 _2DEWEY _h327.1 |
||
| 999 |
_c61630 _d61630 |
||